000
00251nam a22001097a 4500
008
170124b xxu||||| |||| 00| 0 eng d
020
_a
9780721668994
041
_a
eng
080
_2
2ND
_a
618.2
245
_a
NURSING TODAY
_c
CLABORN, J.C
942
_2
udc
_c
BK
999
_c
3486
_d
3486